000 00316nam a22001217a 4500
999 _c13586
_d13586
082 _a297.09
100 _aمحمّد صدیق صدیقی
245 _aآئیے نماز ادا کریں
260 _aکراچی
_bقریشی آرٹ پریس
_c٢٠٠٥
300 _a١٩٠ صفحات
650 _aNamaz
942 _cBK